Estadísticas para Las 20 canciones más famosas de "Flow la Movie"

Haz click aquí para intentar la prueba.

Estadísticas generales

  • Esta prueba ha sido intentada 3 veces
  • La puntuación promedio es 6 de 20

Estadísticas de respuestas

TopCanción% Correcto
06AM
67%
04AM REMIX
67%
11Te Boté
67%
01Te Boté REMIX
67%
08Travesuras
67%
07Travesuras REMIX
67%
18La Jeepeta
33%
02La Jeepeta REMIX
33%
05Mírame
33%
03Mírame REMIX
33%
09Nocturna REMIX
33%
14No Se Te Dió
33%
19Te Boté RHLM Version
33%
16Hoy Se Bebe
0%
13La Bebé REMIX
0%
12Llame Pa Verte
0%
20No Te Veo
0%
17Quiere Fumar
0%
10Sola y Vacía
0%
15Wow REMIX
0%

Distribución de puntuación

Porcentaje por número respondido

Porcentaje de gente con cada puntuación

Historial de tus puntuaciones

No has intentado esta prueba.